• 首页
  • 本馆介绍
  • 公告通知
  • 最新文献
  • 馆藏检索
  • 电子资源
  • 读者导购
  • 参考咨询
  • 我的图书馆
  • 登录
  • 详细信息显示
  • 放入我的书架
  • 预约/预借图书
  • 作者相关作品
  • 分类相关作品
  • 丛书相关作品
  • 出版社相关作品

书目信息

  • 表格格式
  • 工作单格式
  • 卡片格式
题名:
元散曲选析
    
 
作者: 傅正谷 编
分册:  
出版信息: 天津   天津人民出版社  1982
页数: 224页
开本: 19cm
丛书名:
单 册:
中图分类: I207.24
科图分类:
主题词: 文学--中国
电子资源:
ISBN:
000 00597nam0 2200229 45
001 0182004882
005 20060913085315.17
010    @dCNY0.61
091    @a10072.710
100    @a19950309d1982 em y0chiy0121 ea
101 0  @achi
102    @aCN@b120000
105    @ay z 000gy
200 10 @a元散曲选析@Ayuan san qu xuan xi@f傅正谷编
210    @a天津@c天津人民出版社@d1982
215    @a224页@d19cm
606 0  @a文学@x中国
690    @aI207.24
701  0 @a傅正谷@Afu zheng gu@4编
801  2 @aCN@bNLC@c20060913
801  0 @aCN@b上海图书馆@c20040417
905    @f3@b77014-016@dI207.24@e102
    
    元散曲选析/傅正谷编.-天津:天津人民出版社,1982
    224页;19cm
    
    
    ISBN :CNY0.61
    
●
相关链接 在E读中查询图书 在五车中查询图书 在当当中查询图书 在豆瓣中查询图书


正题名:元散曲选析     索取号:I207.24/102         预约/预借

序号 登录号 条形码 馆藏地/架位号 状态 备注
1 0077014   000732256   密集书库/ [索取号:I207.24/102] 在馆    
2 0077015   000732210   密集书库/ [索取号:I207.24/102] 在馆    
3 0077016   000732265   第二借阅区/ [索取号:I207.24/102] 在馆    
4 0077017   001626397   密集书库/ [索取号:I207.24/102] 在馆    
5 0077018   000732274   第一样本阅览室/ [索取号:I207.24/102] 在馆    
6 0475345   204753454   密集书库/ [索取号:I207.24/102] 在馆    
7 0475505   204755050   密集书库/ [索取号:I207.24/102] 在馆    
唐山师范学院图书馆 欢迎您!
大连网信软件有限公司© 版权所有